000 01477ngm a22003610a 4500
001 PT16771
003 AR-LpoUNG
005 20210202000245.0
007 vd cvaizq
008 191001s1985||||ag |||||||||||||||||spa d
037 _c$8.30
040 _aAR-LpoUNG
_bspa
_cAR-LpoUNG
_eaacr
041 _aspa
044 _aag
082 0 _a305.906 94 684exi
100 1 _aSolanas, Fernando E.
_edir.
245 1 3 _aEl exilio de Gardel :
_btangos
260 _aBuenos Aires :
_bVideo España,
_c[1985].
300 _aVHS (119 min.) : son., col.
505 0 _aMúsica: Astor Piazzolla ; fotografía: Félix Monti. - Con la participación del Ministere de ka Culture y Centre national de la Cinematographie de Francia y el Instituto Nacional de Cinematografía Argentina.
520 _aUna actriz exiliada en París, decide contar la historia del exilio y el desarraigo de sus padres, para esto propone un nuevo estilo, una -tanguedia-, una suma de comedia, tango y tragedia que sólo pueden explicar los que viven en el exilio fuera o aún dentro mismo de su país, una forma de sentir que es común a muchos grandes argentinos, desde San Martin a Gardel.
650 4 _aADAPTACION SOCIAL
650 4 _aARGENTINA
650 4 _aASPECTOS SOCIALES
650 4 _aGRUPOS SOCIALES
653 _aCINE ARGENTINO
653 _aSOLANAS, PINO
653 _aVIDEOS
710 2 _aCinesur (Buenos Aires)
710 2 _aTercine (París)
905 _a16771
942 _cVIDEO
999 _c54471
_d54471